Basic training for liquefied gas tanker cargo operations (Model Course 1.04) / (Record no. 209)

000 -LEADER
fixed length control field 00577 a2200169 4500
008 - FIXED-LENGTH DATA ELEMENTS--GENERAL INFORMATION
fixed length control field 220810b ||||| |||| 00| 0 eng d
020 ## - INTERNATIONAL STANDARD BOOK NUMBER
International Standard Book Number 9789280116083
041 0# - LANGUAGE CODE
Language code of text/sound track or separate title eng
082 00 - DEWEY DECIMAL CLASSIFICATION NUMBER
Classification number 623.8245
Item number I339
110 ## - MAIN ENTRY--CORPORATE NAME
9 (RLIN) 76
Corporate name or jurisdiction name as entry element International Maritime Organization
245 ## - TITLE STATEMENT
Title Basic training for liquefied gas tanker cargo operations (Model Course 1.04) /
260 ## - PUBLICATION, DISTRIBUTION, ETC. (IMPRINT)
Place of publication, distribution, etc London:
Name of publisher, distributor, etc International Maritime Organization,
Date of publication, distribution, etc 2014.
300 ## - PHYSICAL DESCRIPTION
Extent v, 192p.
490 0# - SERIES STATEMENT
Series statement Model Course ;
Volume number/sequential designation 1.04
650 #0 - SUBJECT ADDED ENTRY--TOPICAL TERM
Topical term or geographic name as entry element Tankers
General subdivision Loading and Unloading
942 ## - ADDED ENTRY ELEMENTS (KOHA)
Source of classification or shelving scheme
Item type Books
Holdings
Withdrawn status Lost status Source of classification or shelving scheme Damaged status Not for loan Permanent location Current location Date acquired Source of acquisition Cost, normal purchase price Full call number Barcode Date last seen Cost, replacement price Koha item type
          IMU Kolkata IMU Kolkata 2019-09-16 Sterling Book House 3261.03 623.8245 I339 13150 2019-09-16 3623.38 Books
          IMU Kolkata IMU Kolkata 2019-09-16 Sterling Book House 3261.03 623.8245 I339 13151 2019-09-16 3623.38 Books
          IMU Kolkata IMU Kolkata 2017-03-23 Sterling Book House 3261.03 623.8245 I339 12174 2020-01-13 3623.38 Books
Designed and Maintained by IMU-KC Library, Kolkata Campus © Copyright All Rights Reserved

webs counters

Powered by Koha